[Event "HUN-chT Youth 2019"]
[Site "Budapest"]
[Date "2019.10.28"]
[Round "5.34"]
[White "Petroczy, Zoltan"]
[Black "Novak, Levente Peter"]
[Result "0-1"]
[WhiteElo "1573"]
[BlackElo "1639"]
[Annotator "NA"]
[PlyCount "46"]
[EventDate "2019.10.26"]
[EventType "team-tourn"]
[EventCountry "HUN"]
[SourceTitle "playchess.com"]
[Source "ChessBase"]
[SourceQuality "1"]
[TimeControl "5400+30"]

1. e4 {[%emt 0:00:00]} c5 {[%emt 0:00:00]} 2. Nf3 {[%emt 0:00:00]} d6 {[%emt 0:00:00]} 3. d4 {[%emt 0:00:00]} cxd4 {[%emt 0:00:00]} 4. Nxd4 {[%emt 0:00:10]} Nf6 {[%emt 0:00:00]} 5. Nc3 {[%emt 0:00:19]} g6 {[%emt 0:00:15]} 6. Bg5 {[%emt 0:00:07]} Bg7 {[%emt 0:00:31]} 7. Bb5+ {[%emt 0:00:13]} Bd7 {[%emt 0:01:48]} 8. Qe2 {[%emt 0:00:09]} a6 {[%emt 0:08:02]} 9. Bxd7+ {[%emt 0:00:14]} Nbxd7 {[%emt 0:00:24]} 10. O-O-O {[%emt 0:00:31]} O-O {[%emt 0:02:16]} 11. f4 {[%emt 0:00:21]} Qa5 {[%emt 0:07:28]} 12. Nb3 {[%emt 0:00:22]} Qc7 {[%emt 0:00:29]} 13. f5 {[%emt 0:02:41]} b5 {[%emt 0:02:12]} 14. g4 {[%emt 0:02:33]} b4 {[%emt 0:01:07]} 15. Nd5 {[%emt 0:00:44]} Nxd5 {[%emt 0:02:03]} 16. Rxd5 {[%emt 0:00:47]} Nf6 {[%emt 0:01:43]} 17. Bxf6 {[%emt 0:03:41]} Bxf6 {[%emt 0:02:22]} 18. fxg6 {[%emt 0:01:13]} hxg6 {[%emt 0:01:27]} 19. h4 {[%emt 0:02:34]} a5 {[%emt 0:07:57]} 20. g5 {[%emt 0:00:49]} Be5 {[%emt 0:13:30]} 21. h5 {[%emt 0:01:01]} a4 {[%emt 0:00:44]} 22. hxg6 {[%emt 0:00:52]} axb3 {[%emt 0:09:14]} 23. gxf7+ {[%emt 0:00:35]} Rxf7 0-1

[Event "HUN-chT Youth 2019"]
[Site "Budapest"]
[Date "2019.10.28"]
[Round "5.35"]
[White "Deak-Sala, Emilia"]
[Black "Farkas, Boglarka"]
[Result "1-0"]
[WhiteElo "1528"]
[BlackElo "1391"]
[Annotator "NA"]
[PlyCount "61"]
[EventDate "2019.10.26"]
[EventType "team-tourn"]
[EventCountry "HUN"]
[SourceTitle "playchess.com"]
[Source "ChessBase"]
[SourceQuality "1"]
[TimeControl "5400+30"]

1. e4 {[%emt 0:00:00]} c5 {[%emt 0:00:00]} 2. Nc3 {[%emt 0:00:00]} Nc6 {[%emt 0:00:10]} 3. f4 {[%emt 0:00:00]} d6 {[%emt 0:00:16]} 4. Nf3 {[%emt 0:00:00]} Nf6 {[%emt 0:00:28]} 5. Bc4 {[%emt 0:00:11]} e6 {[%emt 0:00:43]} 6. d3 {[%emt 0:00:51]} Be7 {[%emt 0:00:28]} 7. O-O {[%emt 0:00:35]} O-O {[%emt 0:00:21]} 8. Bb3 {[%emt 0:00:23]} a6 {[%emt 0:01:28]} 9. a3 {[%emt 0:00:42]} b5 {[%emt 0:00:31]} 10. Ne2 {[%emt 0:02:10]} Qc7 {[%emt 0:00:53]} 11. Ng3 {[%emt 0:00:15]} Bb7 {[%emt 0:01:11]} 12. f5 {[%emt 0:01:39]} d5 {[%emt 0:04:00]} 13. Qe1 {[%emt 0:05:15]} Bd6 {[%emt 0:02:40]} 14. Bg5 {[%emt 0:01:05]} Bxg3 {[%emt 0:01:36]} 15. hxg3 {[%emt 0:00:02]} exf5 {[%emt 0:00:44]} 16. Bxf6 {[%emt 0:00:47]} gxf6 {[%emt 0:00:09]} 17. exd5 {[%emt 0:01:11]} Ne7 {[%emt 0:02:48]} 18. c4 {[%emt 0:02:00]} Ng6 {[%emt 0:01:04]} 19. Nh4 {[%emt 0:03:49]} f4 {[%emt 0:08:39]} 20. gxf4 {[%emt 0:02:17]} Kh8 {[%emt 0:01:26]} 21. Qc3 {[%emt 0:06:45]} Qd6 {[%emt 0:01:00]} 22. Nf5 {[%emt 0:00:59]} Qd8 {[%emt 0:02:24]} 23. Ng3 {[%emt 0:06:42]} Qd6 {[%emt 0:00:51]} 24. Ne4 {[%emt 0:03:20]} b4 {[%emt 0:04:20]} 25. axb4 {[%emt 0:00:33]} cxb4 26. Nxd6 {[%emt 0:01:39]} bxc3 {[%emt 0:00:28]} 27. Nxb7 {[%emt 0:00:01]} cxb2 {[%emt 0:00:34]} 28. Rab1 {[%emt 0:00:39]} Rab8 {[%emt 0:00:27]} 29. Na5 Rfe8 {[%emt 0:03:01]} 30. Rxb2 {[%emt 0:01:47]} Re3 31. Rd2 1-0

[Event "HUN-chT Youth 2019"]
[Site "Budapest"]
[Date "2019.10.28"]
[Round "5.36"]
[White "Nyuli, Leila"]
[Black "Makay, Mark Janos"]
[Result "0-1"]
[WhiteElo "1258"]
[BlackElo "1442"]
[Annotator "NA RC"]
[PlyCount "110"]
[EventDate "2019.10.26"]
[EventType "team-tourn"]
[EventCountry "HUN"]
[SourceTitle "playchess.com"]
[Source "ChessBase"]
[SourceQuality "1"]
[TimeControl "5400+30"]

1. e4 {[%emt 0:00:00]} c5 {[%emt 0:00:22]} 2. Nf3 {[%emt 0:00:00]} Nc6 {[%emt 0:00:43]} 3. d4 {[%emt 0:00:19]} cxd4 {[%emt 0:00:55]} 4. Nxd4 {[%emt 0:00:19]} Qb6 {[%emt 0:00:30]} 5. Nxc6 {[%emt 0:01:18]} dxc6 {[%emt 0:00:59]} 6. Nc3 {[%emt 0:01:06]} e5 {[%emt 0:01:08]} 7. Bc4 {[%emt 0:01:49]} Nf6 {[%emt 0:03:09]} 8. h3 {[%emt 0:03:33]} Bb4 {[%emt 0:02:47]} 9. Qf3 {[%emt 0:03:05]} O-O {[%emt 0:03:39]} 10. O-O {[%emt 0:02:43]} Be6 {[%emt 0:05:26]} 11. Bxe6 {[%emt 0:02:12]} fxe6 {[%emt 0:00:33]} 12. Qe2 {[%emt 0:04:30]} Rad8 {[%emt 0:10:25]} 13. Bd2 {[%emt 0:04:37]} Qc7 {[%emt 0:08:21]} 14. Rad1 {[%emt 0:02:45]} Rd4 {[%emt 0:04:50]} 15. f3 {[%emt 0:01:58]} Rfd8 {[%emt 0:01:33]} 16. a3 {[%emt 0:01:28]} Ba5 {[%emt 0:01:47]} 17. b4 {[%emt 0:01:31]} Bb6 {[%emt 0:00:23]} 18. Be3 {[%emt 0:00:28]} Rxd1 {[%emt 0:04:47]} 19. Rxd1 {[%emt 0:00:15]} Rxd1+ {[%emt 0:01:14]} 20. Nxd1 {[%emt 0:00:22]} Qd6 {[%emt 0:01:06]} 21. Bxb6 {[%emt 0:00:45]} axb6 {[%emt 0:00:21]} 22. Ne3 {[%emt 0:00:38]} Qd4 {[%emt 0:01:27]} 23. Qd3 {[%emt 0:01:02]} b5 {[%emt 0:00:42]} 24. Qxd4 {[%emt 0:01:07]} exd4 {[%emt 0:00:08]} 25. Ng4 {[%emt 0:00:20]} Nxg4 {[%emt 0:01:17]} 26. hxg4 {[%emt 0:00:11]} e5 {[%emt 0:00:21]} 27. Kf2 {[%emt 0:00:15]} Kf7 {[%emt 0:00:24]} 28. g3 {[%emt 0:00:18]} g5 {[%emt 0:02:33]} 29. f4 {[%emt 0:01:15]} gxf4 {[%emt 0:00:09]} 30. gxf4 {[%emt 0:00:23]} exf4 {[%emt 0:00:02]} 31. Kf3 {[%emt 0:00:12]} Ke6 {[%emt 0:00:20]} 32. Kxf4 {[%emt 0:00:10]} h6 {[%emt 0:00:08]} 33. e5 {[%emt 0:00:55]} b6 {[%emt 0:00:13]} 34. Ke4 {[%emt 0:00:17]} c5 {[%emt 0:00:12]} 35. Kf4 {[%emt 0:01:17]} c4 {[%emt 0:05:18]} 36. Ke4 {[%emt 0:02:26]} d3 {[%emt 0:00:14]} 37. cxd3 {[%emt 0:00:21]} c3 {[%emt 0:00:18]} 38. Ke3 {[%emt 0:00:14]} Kxe5 {[%emt 0:00:08]} 39. d4+ {[%emt 0:00:22]} Kd5 {[%emt 0:00:06]} 40. Kd3 {[%emt 0:00:35]} c2 {[%emt 0:00:08]} 41. Kxc2 {[%emt 0:00:26]} Kxd4 {[%emt 0:00:31]} 42. Kd2 {[%emt 0:00:13]} Ke4 {[%emt 0:00:08]} 43. Ke2 {[%emt 0:00:16]} Kf4 {[%emt 0:00:11]} 44. Kf2 {[%emt 0:00:10]} Kxg4 {[%emt 0:00:06]} 45. Kg2 {[%emt 0:00:04]} Kf4 {[%emt 0:00:08]} 46. Kh3 {[%emt 0:05:45]} Ke3 {[%emt 0:00:13]} 47. Kg4 {[%emt 0:00:24]} Kd3 {[%emt 0:00:07]} 48. Kh5 {[%emt 0:00:27]} Kc3 {[%emt 0:00:04]} 49. Kxh6 {[%emt 0:00:07]} Kb3 {[%emt 0:00:04]} 50. Kg5 {[%emt 0:00:33]} Kxa3 {[%emt 0:00:06]} 51. Kf4 {[%emt 0:00:16]} Kxb4 {[%emt 0:00:05]} 52. Ke3 {[%emt 0:01:03]} Kc3 {[%emt 0:00:07]} 53. Ke2 {[%emt 0:00:18]} Kc2 {[%emt 0:00:06]} 54. Ke3 {[%emt 0:00:29]} b4 {[%emt 0:00:14]} 55. Kd4 {[%emt 0:00:34]} b3 {[%emt 0:00:05]} 0-1

[Event "HUN-chT Youth 2019"]
[Site "Budapest"]
[Date "2019.10.29"]
[Round "6"]
[White "Hajdu, Marton Abris"]
[Black "Lehocz, Jozsef Jr."]
[Result "1-0"]
[WhiteElo "1818"]
[BlackElo "1447"]
[Annotator "NA RC"]
[PlyCount "89"]
[EventDate "2019.??.??"]
[EventCountry "HUN"]
[SourceTitle "playchess.com"]
[Source "ChessBase"]
[SourceQuality "1"]
[TimeControl "5400+30"]

1. e4 d5 2. exd5 Qxd5 3. Nc3 Qd6 4. g3 c6 (4... Nf6 5. Bg2 g6 6. Nge2 Bg7 7. O-O O-O 8. d3 c6 9. Rb1 a5 10. Bf4 e5 11. Be3 Nd5 12. Bd2 {½-½ (52) Smirin,I (2663)-Inarkiev,E (2680) Khanty-Mansiysk 2013}) 5. Bg2 Nf6 6. Nge2 {B01: Scandinavian Defence} Bf5 7. O-O e6 8. d4 Be7 9. Bf4 Qd8 10. Qd2 O-O 11. h3 $146 ({Predecessor:} 11. Nd1 Be4 12. Ne3 Bxg2 13. Kxg2 {½-½ (13) Striechman,O (1897)-Kudischewitsch,D (2336) Tel Aviv 2011}) 11... Nbd7 12. Kh2 h5 13. Rad1 Nb6 14. Qc1 Nbd5 15. Be3 Qc7 16. Kh1 Rad8 17. Nxd5 Nxd5 18. c4 Nf6 19. Nc3 Rd7 20. Rfe1 Rfd8 21. a3 a5 22. Kg1 Qb8 23. Rd2 Qc7 24. Qd1 Qb8 25. Qe2 Qc7 26. Rc1 Qb8 27. Rdd1 Qc7 28. Na4 b6 29. Nc3 Qb7 30. Nb5 $11 (30. Qf3 $14) 30... Ne4 31. Nc3 Nf6 32. Rd2 Qc7 33. Qd1 Qb7 34. Qa4 Rc8 35. Rcd1 Bf8 36. Re1 Be7 37. Rc1 Bf8 38. Rcd1 Be7 39. d5 cxd5 40. cxd5 exd5 41. Nxd5 Nxd5 42. Rxd5 Rxd5 43. Rxd5 Bxh3 44. Rd8+ Rxd8 45. Bxb7 1-0

[Event "HUN-chT Youth 2019"]
[Site "Budapest"]
[Date "2019.10.29"]
[Round "6"]
[White "Csernyik, Mark"]
[Black "Puskas, Mihaly"]
[Result "1-0"]
[WhiteElo "1749"]
[BlackElo "1480"]
[Annotator "NA RC"]
[PlyCount "45"]
[EventDate "2019.??.??"]
[EventCountry "HUN"]
[SourceTitle "playchess.com"]
[Source "ChessBase"]
[SourceQuality "1"]
[TimeControl "5400+30"]

1. e4 e5 2. Nf3 Nc6 3. Bc4 Bc5 4. O-O d6 5. c3 Bg4 6. d3 Qd7 7. Be3 Bb6 8. Nbd2 O-O-O 9. b4 f5 10. h3 Bh5 11. Qb3 Re8 12. a4 fxe4 13. dxe4 Bxe3 14. fxe3 Kb8 15. a5 h6 16. b5 Nd8 17. b6 c6 18. bxa7+ Ka8 19. Rfb1 Nf6 20. a6 Re7 21. axb7+ Qxb7 22. Qa3 Qxa7 23. Qxd6 1-0

[Event "HUN-chT Youth 2019"]
[Site "Budapest"]
[Date "2019.10.29"]
[Round "6"]
[White "Megyeri, Martin"]
[Black "Palczert, Matyas"]
[Result "1/2-1/2"]
[WhiteElo "1611"]
[BlackElo "2009"]
[Annotator "NA"]
[PlyCount "91"]
[EventDate "2019.??.??"]
[EventCountry "HUN"]
[SourceTitle "playchess.com"]
[Source "ChessBase"]
[SourceQuality "1"]
[TimeControl "5400+30"]

1. Nf3 Nf6 2. b3 e6 3. Bb2 d5 4. e3 Be7 5. Be2 O-O 6. O-O c5 7. d4 Nc6 8. Nbd2 b6 9. c4 Bb7 10. Rc1 Rc8 {A13: English Opening: 1...e6} 11. a3 Qd7 $146 ({Predecessor:} 11... cxd4 12. exd4 dxc4 13. bxc4 Qd6 14. Re1 Rfd8 15. Nf1 Qf4 16. g3 Qb8 17. Bd3 Ba8 18. N1d2 {0-1 (71) Maghsoodloo,P (2584)-Omidi,A (2313) Rasht 2017}) 12. Qc2 Rfd8 13. Rfd1 Qe8 14. Qb1 h6 15. h3 cxd4 16. exd4 Qf8 17. b4 a5 18. b5 Na7 19. a4 dxc4 20. Nxc4 Nd5 21. Ne3 Nxe3 22. fxe3 Bxf3 23. Bxf3 Bg5 24. Kf2 Qb4 25. Qa2 Rxc1 26. Bxc1 Rc8 27. Bd2 Qd6 28. g3 Bd8 29. Bb7 Rb8 30. Bf3 Bc7 31. Rg1 Nc8 32. Qc4 Ne7 33. e4 e5 34. d5 f5 35. Kg2 fxe4 36. Bxe4 Rd8 37. Rd1 Kh8 38. Bc1 Ng8 39. Bf5 Nf6 {[#]} 40. Be6 $16 Qe7 41. Qc6 e4 42. Qc4 Nh5 43. Qxe4 Nxg3 44. Qg6 Rf8 45. Bb2 Nf5 46. Kh1 1/2-1/2

[Event "HUN-chT Youth 2019"]
[Site "Budapest"]
[Date "2019.10.29"]
[Round "6"]
[White "Karacsonyi, Luca"]
[Black "Puskas, Gergely"]
[Result "1-0"]
[WhiteElo "1556"]
[BlackElo "1015"]
[Annotator "NA RC"]
[PlyCount "78"]
[EventDate "2019.??.??"]
[EventCountry "HUN"]
[SourceTitle "playchess.com"]
[Source "ChessBase"]
[SourceQuality "1"]
[TimeControl "5400+30"]

1. e4 e5 2. Nf3 Nc6 3. Bc4 d6 4. Nc3 Nf6 5. d3 Be6 6. Bb5 Bd7 7. Bg5 Be7 8. Qd2 Nd4 9. Nxd4 exd4 10. Bxf6 Bxf6 11. Bxd7+ Qxd7 12. Nd5 Bd8 13. O-O c6 14. Nf4 Bg5 15. g3 Qg4 16. Qe2 Qxe2 17. Nxe2 O-O 18. Nxd4 c5 19. Nb5 Rfd8 20. Nc7 Rac8 21. Nd5 Rc6 22. f4 Bf6 23. Nxf6+ gxf6 24. Rad1 d5 25. Kf2 c4 26. exd5 Rxd5 27. d4 c3 28. b3 b5 29. Ke3 b4 30. Ke4 Rcd6 31. f5 Ra5 32. Ra1 Rd8 33. g4 Re8+ 34. Kd3 h6 35. Rfe1 Rxe1 36. Rxe1 Rxa2 37. d5 Ra6 38. Kc4 Rb6 39. Kc5 Kh7 1-0

[Event "HUN-chT Youth 2019"]
[Site "Budapest"]
[Date "2019.10.29"]
[Round "6"]
[White "Vadkerti, Vince"]
[Black "Foldes, Marton Gabor"]
[Result "0-1"]
[WhiteElo "1531"]
[BlackElo "1755"]
[Annotator "NA RC"]
[PlyCount "56"]
[EventDate "2019.??.??"]
[EventCountry "HUN"]
[SourceTitle "playchess.com"]
[Source "ChessBase"]
[SourceQuality "1"]
[TimeControl "5400+30"]

1. e4 c5 2. Nc3 e6 3. Nf3 Nc6 4. d4 cxd4 5. Nxd4 Qc7 6. Be3 a6 7. Qf3 Nf6 8. O-O-O Ne5 9. Qg3 b5 10. Nf3 d6 11. Nxe5 dxe5 12. Be2 Bd7 13. f4 b4 14. Nb1 Nxe4 15. Qg4 h5 16. Rxd7 Qxd7 17. Qf3 f5 18. fxe5 Rb8 19. Rd1 Qc7 20. Bd3 Nc5 21. Bxc5 Bxc5 22. Qg3 Qf7 23. Qf3 O-O 24. Re1 Rfd8 25. Nd2 Rbc8 26. Nc4 Bf8 27. Rf1 g6 28. h3 Rd4 0-1

[Event "HUN-chT Youth 2019"]
[Site "Budapest"]
[Date "2019.10.29"]
[Round "6"]
[White "Kellermann, Botond"]
[Black "Nagy, Botond"]
[Result "1-0"]
[WhiteElo "1274"]
[BlackElo "1281"]
[Annotator "NA RC"]
[PlyCount "119"]
[EventDate "2019.??.??"]
[EventCountry "HUN"]
[SourceTitle "playchess.com"]
[Source "ChessBase"]
[SourceQuality "1"]
[TimeControl "5400+30"]

1. d4 d5 2. c4 c6 3. Nf3 Nf6 4. Nbd2 Bf5 5. e3 e6 6. Be2 Be7 7. O-O Nbd7 8. Qb3 Qc7 9. Bd3 Bg6 10. Re1 Qb6 11. Qxb6 Nxb6 12. Bxg6 hxg6 13. c5 Nbd7 14. b4 a5 15. bxa5 Rxa5 16. Bb2 O-O 17. Bc3 Ra7 18. Reb1 Ne8 19. a4 Nc7 20. Nb3 Na6 21. Na5 Rb8 22. Rb2 Bd8 23. Nb3 b6 24. cxb6 Nxb6 25. Na5 Rc7 26. Ne5 Nd7 27. Naxc6 Rxb2 28. Bxb2 Nxe5 29. Nxe5 Rb7 30. Ba3 g5 31. h3 f6 32. Nd3 Nc7 33. Nc5 Ra7 34. Rb1 Be7 35. Ra1 Kf7 36. Kf1 Ke8 37. Ke2 Bxc5 38. Bxc5 Ra6 39. Kd2 Kd7 40. Kc2 Ra8 41. Kb3 Kc6 42. Rc1 Kd7 43. Bb6 Na6 44. a5 Rc8 45. Rxc8 Kxc8 46. Ka4 Kb7 47. Kb5 f5 48. g3 Nb8 49. f3 Na6 50. Bd8 g6 51. Bxg5 Nc7+ 52. Kc5 Ne8 53. g4 fxg4 54. hxg4 Kc7 55. a6 Kb8 56. Kb6 Nd6 57. Bf4 Ka8 58. Bxd6 e5 59. Bxe5 g5 60. Bf6 1-0

[Event "HUN-chT Youth 2019"]
[Site "Budapest"]
[Date "2019.10.29"]
[Round "6"]
[White "Meszaros, Jazmin"]
[Black "Onodi, Miklos"]
[Result "0-1"]
[WhiteElo "1171"]
[BlackElo "1548"]
[Annotator "NA RC"]
[PlyCount "56"]
[EventDate "2019.??.??"]
[EventCountry "HUN"]
[SourceTitle "playchess.com"]
[Source "ChessBase"]
[SourceQuality "1"]
[TimeControl "5400+30"]

1. e4 c5 2. d4 cxd4 3. Qxd4 Nc6 4. Qd1 g6 5. Nf3 Bg7 6. Be2 Nf6 7. O-O Nxe4 8. Bd3 Nf6 9. Bg5 O-O 10. Bxf6 Bxf6 11. Qd2 Bxb2 12. Qh6 Bg7 13. Qh3 d5 14. Qh4 e6 15. Qxd8 Rxd8 16. Nc3 Bxc3 17. Rad1 e5 18. Be2 Nd4 19. Nxd4 exd4 20. Rd3 Bf5 21. Rg3 Bxc2 22. Rg5 d3 23. Bxd3 Bxd3 24. Rd1 Bc4 25. Rc1 Bd2 26. Rxc4 dxc4 27. Rc5 Bb4 28. Rxc4 Rd1# 0-1

[Event "HUN-chT Youth 2019"]
[Site "Budapest"]
[Date "2019.10.29"]
[Round "6"]
[White "Szamko, Balint"]
[Black "Karacsonyi, Bank"]
[Result "0-1"]
[WhiteElo "1129"]
[BlackElo "1513"]
[Annotator "NA RC"]
[PlyCount "101"]
[EventDate "2019.??.??"]
[EventCountry "HUN"]
[SourceTitle "playchess.com"]
[Source "ChessBase"]
[SourceQuality "1"]
[TimeControl "5400+30"]

1. e4 c5 2. Nf3 d6 3. Bc4 Nf6 4. e5 dxe5 5. Nxe5 e6 6. Nc3 Bd6 7. Nf3 Nc6 8. d3 O-O 9. O-O a6 10. Bg5 b5 11. Bb3 Bb7 12. Ne4 Be7 13. a3 Nxe4 14. Bxe7 Nxe7 15. dxe4 c4 16. Ba2 Bxe4 17. c3 Qd3 18. Qxd3 cxd3 19. Rfe1 Bf5 20. Rad1 Rfd8 21. Ne5 Rd6 22. Re3 Rad8 23. Bb1 Nd5 24. Rg3 Nf4 25. Kf1 f6 26. Ng4 Nh5 27. Re3 Bxg4 28. f3 Bf5 29. g4 Nf4 30. gxf5 exf5 31. Ba2+ Kf8 32. Bb1 g5 33. b3 Nd5 34. Rexd3 Ne3+ 35. Rxe3 Rxd1+ 36. Re1 g4 37. Ke2 gxf3+ 38. Kf2 R8d2+ 39. Kf1 f2 40. Rxd1 Rxd1+ 41. Kxf2 Rxb1 42. b4 Rb3 43. c4 bxc4 44. Ke2 c3 45. Kd1 f4 46. Kc2 f3 47. Kxb3 f2 48. Kxc3 f1=Q 49. Kd2 Qf3 50. h4 Ke7 51. Kc2 0-1

[Event "HUN-chT Youth 2019"]
[Site "Budapest"]
[Date "2019.10.29"]
[Round "6"]
[White "Benedek, Huba"]
[Black "Molnar, Dalma Reka"]
[Result "0-1"]
[WhiteElo "1125"]
[BlackElo "1088"]
[Annotator "NA RC"]
[PlyCount "148"]
[EventDate "2019.??.??"]
[EventCountry "HUN"]
[SourceTitle "playchess.com"]
[Source "ChessBase"]
[SourceQuality "1"]
[TimeControl "5400+30"]

1. e4 e5 2. Nf3 Nc6 3. Nc3 Nf6 4. h3 Bc5 5. Nxe5 Bxf2+ 6. Kxf2 Nxe5 7. d4 Ng6 8. Qf3 d6 9. Bc4 Be6 10. Bd3 h6 11. Rd1 O-O 12. g4 Nh4 13. Qg3 Nh7 14. e5 f5 15. Kg1 fxg4 16. Bxh7+ Kxh7 17. Rf1 Qe7 18. Be3 Bc4 19. Rf4 Rxf4 20. Bxf4 dxe5 21. Bxe5 Rf8 22. b3 Ba6 23. Nd5 Qg5 24. Nf4 gxh3 25. Qxg5 hxg5 26. Nxh3 Kg6 27. Bxc7 Rf3 28. Nf2 Kh5 29. d5 g4 30. d6 Bb5 31. Rd1 Bd7 32. Rd5+ Kg6 33. Nxg4 Rg3+ 34. Kf2 Rxg4 35. Re5 Rf4+ 36. Ke3 Rf7 37. Bb8 a6 38. Re4 Nf5+ 39. Kd3 Kf6 40. Bc7 Bc6 41. Re1 Rd7 42. Rf1 g6 43. Rf4 Kg7 44. Bb6 Rxd6+ 45. Kc3 Ne7 46. Bc5 Nd5+ 47. Kb2 Nxf4 48. Bxd6 Ne6 49. Be5+ Kf7 50. c4 g5 51. a4 Nf4 52. Kc3 Ne2+ 53. Kd2 Bf3 54. b4 Ke6 55. Bb8 Kf5 56. Ke3 g4 57. b5 Nc3 58. bxa6 bxa6 59. a5 Nd1+ 60. Kd4 Ke6 61. Kc5 Bb7 62. Bg3 Nc3 63. Kb6 Bc8 64. Kc7 Ne2 65. Bh2 Bd7 66. Kb7 g3 67. Bxg3 Nxg3 68. Kxa6 Bc6 69. Ka7 Kd6 70. Kb8 Kd7 71. a6 Ba8 72. Kxa8 Kc7 73. Ka7 Ne4 74. Ka8 Nd6 0-1

[Event "HUN-chT Youth 2019"]
[Site "Budapest"]
[Date "2019.10.29"]
[Round "6.1"]
[White "Bohus, Adam"]
[Black "Papp, Bence"]
[Result "1-0"]
[WhiteElo "2229"]
[BlackElo "2184"]
[Annotator "TA"]
[PlyCount "81"]
[EventDate "2019.10.26"]
[EventType "team-tourn"]
[EventCountry "HUN"]
[SourceTitle "playchess.com"]
[Source "ChessBase"]
[SourceQuality "1"]

{[%evp 18,81,44,3,19,14,53,51,48,45,29,0,16,-6,7,-12,2,13,27,38,29,14,19,12,23,0,0,0,0,0,0,12,35,42,48,14,22,13,226,233,298,314,464,456,425,346,338,332,469,453,450,410,479,451,733,587,5502,12068,29966,29976,29971,29972,5987,6011,29993,4802]} 1. d4 Nf6 2. c4 d6 3. g3 e5 4. d5 g6 5. Bg2 Bg7 6. Nc3 O-O 7. e4 a5 8. Nge2 Na6 9. O-O Nc5 10. b3 Nh5 {E72: King's Indian: 4 e4 d6 5 g3} 11. Be3 f5 12. exf5 (12. f3 f4 13. Bf2 fxg3 14. hxg3 Nf6 15. a3 h5 16. Qc2 Nh7 17. Kh2 Bh6 18. Ng1 h4 19. g4 Bf4+ 20. Kh1 Bg3 21. Be3 Bf4 22. Bf2 Bg3 23. Be3 Bf4 {½-½ (23) Postny,E (2652)-Jovanovic,Z (2558) Budva 2009}) 12... gxf5 {White is slightly better.} 13. Bxc5 dxc5 14. Nb5 $146 ({Predecessor:} 14. Na4 f4 15. Nec3 Qg5 16. Nxc5 fxg3 17. hxg3 Nxg3 18. N3e4 Nxe4 19. Nxe4 {1-0 (67) Rychlik,P (2079)-Slowikowski,M Bartkowa 2002}) 14... Nf6 15. Nec3 Ne8 16. Na4 Qe7 17. d6 cxd6 18. Nb6 Rb8 19. Qd2 Be6 20. Rad1 Rd8 21. Qxa5 Nc7 22. Nd5 Nxd5 23. Bxd5 Bxd5 24. Rxd5 {Rfd1 is the strong threat.} f4 25. Qd2 $36 {[%cal Rb5d6][%mdl 2048] White is pushing.} Rf6 26. Rd1 {[%cal Rb5d6]} fxg3 27. hxg3 {[%cal Rb5d6]} Bf8 $2 {[#]} (27... Bh6 $11 {and Black has nothing to worry.} 28. Qe2 e4) 28. Rxc5 $1 $18 {[%mdl 576] Pin} Bh6 (28... dxc5 29. Qxd8) 29. Qd5+ Kh8 (29... Qe6 $142 30. Qxe6+ Rxe6) 30. Rc7 {[%mdl 64] Double Attack} Qf8 31. Qe4 {[%csl Gc7][%cal Re4h7]} Bg7 32. Rd2 Rg6 (32... b6 {is a better defense.} 33. Rb7 Rg6) 33. Rxb7 Qf6 34. Kg2 Rf8 35. Rd7 Qg5 (35... Qf4 $142 36. Qxf4 (36. Nxd6 Rxg3+ 37. Kh2 Rg6+ 38. Qxf4 Rxf4 $16) 36... exf4 37. Nxd6 Bc3) 36. R7xd6 Rxf2+ 37. Rxf2 Qxg3+ 38. Kf1 Qh3+ 39. Ke2 Qh5+ 40. Qf3 Qh4 41. Rxg6 {Accuracy: White = 44%, Black = 32%.} (41. Qa8+ $142 Bf8 42. Rxf8+ Kg7 43. Rd7+ Qe7 44. Rxe7+ Kh6 {[#]} 45. Rxh7+ $1 {[%mdl 512]} Kxh7 46. Rh8+ Kg7 47. Qf8#) 1-0

[Event "HUN-chT Youth 2019"]
[Site "Budapest"]
[Date "2019.10.29"]
[Round "6.1"]
[White "Bohus, Adam"]
[Black "Papp, Bence"]
[Result "*"]
[WhiteElo "2229"]
[BlackElo "2184"]
[Annotator "TA"]
[PlyCount "30"]
[EventDate "2019.10.26"]
[EventType "team-tourn"]
[EventCountry "HUN"]
[SourceTitle "playchess.com"]
[Source "ChessBase"]
[SourceQuality "1"]

{[%evp 12,13,19,6]} 1. d4 Nf6 2. c4 d6 3. g3 e5 4. d5 g6 5. Bg2 Bg7 6. Nc3 O-O 7. e4 {Predecessor:} a5 $146 8. Nge2 Na6 9. h3 Nc5 10. Bg5 h6 11. Be3 c6 12. dxc6 bxc6 13. Qd2 Be6 14. b3 Kh7 15. Rd1 Nb7 {0-1 (46) Morovic Fernandez,I (2582)-Tukhaev,A (2537) Moscow 2012} *